[Event "Malaga-ch Seniors 15th"]
[Site "Malaga"]
[Date "2019.03.30"]
[Round "1"]
[White "Marquinez Capillas, Francisco Jose"]
[Black "Camacho Dominguez, Florencio"]
[Result "1-0"]
[WhiteElo "2228"]
[BlackElo "1740"]
[PlyCount "58"]
[EventDate "2019.03.30"]
[EventType "swiss"]
[EventRounds "6"]
[EventCountry "ESP"]
[SourceTitle "EXT 2024"]
[Source "ChessBase"]
[SourceDate "2023.10.10"]
[SourceVersion "1"]
[SourceVersionDate "2023.10.10"]
[SourceQuality "1"]

1. e4 e5 2. Nf3 Nc6 3. Bb5 Nf6 4. 0-0 Nxe4 5. Re1 Nd6 6. Nxe5 Nxe5 7. Rxe5+ Be7 8. Bf1 0-0 9. d4 Bf6 10. Re1 Nf5 11. c3 d5 12. Bd3 Nd6 13. Qh5 g6 14. Qxd5 Re8 15. Rxe8+ Qxe8 16. Kf1 Bd7 17. Qf3 Qe7 18. Bf4 Re8 19. Na3 Bc6 20. d5 Bd7 21. Nc2 Bg7 22. Re1 Qf6 23. Rxe8+ Bxe8 24. Qe3 Bd7 25. Nd4 a6 26. h3 Kf8 27. g4 Qe7 28. Kg2 Qxe3 29. fxe3 Ke7 1-0